01071cam a2200265u 45000010005000000030008000050050017000130080039000300350018000690400033000870410008001200820024001281000064001522450107002162500012003232600040003353000043003755040020004186500034004386500031004729420012005039990015005159520117005309520158006478746BD-RjUL20211208234637.0140119s1966 maua 000 0 eng a(BD-RjUL)8791 aDLCcCarPdDLCdBD-RjULbeng aeng04220a530.1bFOS 19661 aFowler, Ralph Howard,d1889-1944. [from old catalog]92720600aStatistical mechanics :bThe theory of the properties of matter in equilibrium /cRalph Howard Fowler. a2nd ed. aCambridge :bCambridge U.P.,c1966. ax, 864 p. :btables, diagrs. ;c23 cm. aIncludes index. 0aStatistical mechanics.927207 0aMatterxProperties.923861 2ddccBK c8746d8746 00102ddc4070aRUCLbRUCLcstackd1982-11-23eN/Al0o530.1 FOS 1966r2014-01-19 00:00:00tC-2w2014-01-19yBK 00102ddc40718NFICaRUCLbRUCLcReadingd1958-11-17eColombo plan through register officel0o530.1 FOS 1955r2017-04-11 00:00:00tC-1w2017-04-11yBK